| 000 | 00721cab a2200217 4500 | ||
|---|---|---|---|
| 001 | WB3336-32 | ||
| 008 | 090401t1997 xxu||||| |||| 00| 0 eng d | ||
| 035 | _a(Sirsi) u80931 | ||
| 041 | _aeng | ||
| 245 | _aRival property centre on the horizon | ||
| 260 | _c1997 | ||
| 350 | _a0 | ||
| 490 |
_aSolicitors` Journal _v141(34) 12 September 1997, 831(1) |
||
| 520 | _aThe Solicitors Property Group (SPG) has launched a new grouping for solicitors to get together and sell property. A rival for solicitors property centres. See WB3326-41. | ||
| 650 | _aPROPERTY CENTRES | ||
| 650 | _aSOLICITORS PROPERTY GROUP | ||
| 650 | _aSOLICITORS | ||
| 690 | _aPROPERTY LAW AND PRACTICE | ||
| 942 | _n0 | ||
| 948 | _c17/09/1997 | ||
| 999 |
_c50974 _d50974 |
||